000
00297nam a22001337a 4500
020
_a
978-81-7797-140-8
082
_a
030
_b
SAS/L
100
_a
SASIDHARAN, AYSHA
245
_a
LIFE SCIENCE
260
_a
TRIVANDRUM
_b
SISO BOOKS
_c
2009
300
_a
159
650
_a
ENCYCLOPEDIA
_z
INDIA
942
_c
BK
999
_c
2177
_d
2177